NORMAL AND THERAPEUTIC NUTRITION (Record no. 8593)

MARC details
000 -LEADER
fixed length control field 00470nam a22001817a 4500
005 - DATE AND TIME OF LATEST TRANSACTION
control field 20240831115750.0
008 - FIXED-LENGTH DATA ELEMENTS--GENERAL INFORMATION
fixed length control field 240831b |||||||| |||| 00| 0 eng d
020 ## - INTERNATIONAL STANDARD BOOK NUMBER
ISBN 0-02-40-2300-0
041 ## - LANGUAGE CODE
Language code of text/sound track or separate title eng
082 ## - DEWEY DECIMAL CLASSIFICATION NUMBER
Classification number 613.2
100 ## - MAIN ENTRY--AUTHOR NAME
Personal name ROBINSON, CORINNE H AND LAWLER, MARILYN R.
245 ## - TITLE STATEMENT
Title NORMAL AND THERAPEUTIC NUTRITION
250 ## - EDITION STATEMENT
Edition statement 15TH ED.
260 ## - PUBLICATION, DISTRIBUTION, ETC. (IMPRINT)
Place of publication NEW YORK
Name of publisher MACMILLAN PUBLISHING CO.
Year of publication 1977
300 ## - PHYSICAL DESCRIPTION
Number of Pages 739, P
650 ## - SUBJECT ADDED ENTRY--TOPICAL TERM
Topical Term BPT
942 ## - ADDED ENTRY ELEMENTS (KOHA)
Koha item type Books
Holdings
Lost status Damaged status Collection code Home library Current library Shelving location Date acquired Source of acquisition Serial Enumeration / chronology Full call number Accession Number Koha item type
    Reference JRU Library JRU Library SHELF-8-C 30/08/2024 PURCHASE NEW ARRIVALS SHELF 613.2 28331 Books
    PHYSIOTHERAPY JRU Library JRU Library SHELF-8-C 19/09/2024 PURCHASE NEW ARRIVALS SHELF 613.2 28606 Books